Estatísticas para Letónia

Clique aqui para jogar o quiz

Estatísticas Gerais

  • Esse quiz foi jogado 5 vezes
  • A pontuação média é 8 de 14

Estatísticas das Respostas

HintResposta% Correto
Qual é a sua moeda?Euro
100%
Onde fica?Europa
100%
Com que país faz fronteira a Sul?Lituânia
100%
Com que país faz fronteira a Leste?Rússia
100%
Com que país faz fronteira a Sudeste?Bielorrússia
80%
Qual é a sua religião?Cristianismo
80%
Com que país faz fronteira a Norte?Estónia
80%
Qual o seu idioma?Letao
80%
Qual é a sua capital?Riga
80%
Qual é o seu código ISO?LVA
20%
Qual é o seu pássaro nacional?Alvéola-branca
0%
Qual é o seu famoso festival que celebra o solstício de Verão?Festival Jani
0%
Qual é o desporto mais popular?Hóquei no gelo
0%
Como se chama o memorial em honra dos soldados mortos durante a Guerra da Independência da Letónia?Monumento da Liberdade
0%

Distribuição das Pontuações

Percentil de Números Respondidos

Porcentagem de Pessoas com Cada Pontuação

Sua Pontuação Histórica

Você não jogou esse quiz